LEADER 01315nam0-2200301---450- 001 990008603360403321 005 20080620080909.0 035 $a000860336 035 $aFED01000860336 035 $a(Aleph)000860336FED01 035 $a000860336 100 $a20080118d2005----km-y0itay50------ba 101 0 $aita 102 $aIT 105 $ay-------001yy 200 1 $a<>partecipazione equilibrata delle donne e degli uomini al processo decisionale$eprogetto a finanziamento europeo coordinato dal Consiglio Superiore della Magistratura italiano con il partenariato del Ministero della Giustizia italiano, del Ministero della Giustizia francese, del CGPJ spagnolo e della Procura Generale di Romania$eseminario finale (Roma, 13-15 dicembre 2004)$fConsiglio superiore della Magistratura 210 $aRoma$c[s.n.]$d2005$gQuintily 215 $a536 p.$d24 cm 225 1 $aQuaderni del Consiglio Superiore della Magistratura$v145 676 $a346.012$v21$zita 710 02$aItalia.$bConsiglio superiore della magistratura$0237421 801 0$aIT$bUNINA$gRICA$2UNIMARC 901 $aBK 912 $a990008603360403321 952 $aCollezioni 370 bis (145)$b50243*$fFGBC 959 $aFGBC 996 $aPartecipazione equilibrata delle donne e degli uomini al processo decisionale$9712431 997 $aUNINA LEADER 01528nam 2200565 a 450 001 9910157425803321 005 20170925002928.0 010 $a1-4175-3466-4 035 $a(CKB)1000000000369144 035 $a(SSID)ssj0000115998 035 $a(PQKBManifestationID)11146259 035 $a(PQKBTitleCode)TC0000115998 035 $a(PQKBWorkID)10027289 035 $a(PQKB)10799557 035 $a(MiAaPQ)EBC3157537 035 $a(OCoLC)1105880004 035 $a(FlNmELB)ELB34809 035 $a(EXLCZ)991000000000369144 100 $a20130604d2004 uy 0 101 0 $aspa 135 $aurcn||||||||| 181 $ctxt 182 $cc 183 $acr 200 13$aLa burguesia y la contrarevolucion /$fKarl Marx 210 $aSanta Fe $cEl Cid Editor$d[2004] 215 $a6-15 p 300 $aBibliographic Level Mode of Issuance: Monograph 311 $a1-4135-2019-7 606 $aFilosofia 606 $aClase media 606 $aRevolucion 606 $aPhilosophy, Marxist 606 $aMiddle class 606 $aRevolution 608 $aLibros electronicos. 615 4$aFilosofia. 615 4$aClase media. 615 4$aRevolucion. 615 0$aPhilosophy, Marxist. 615 0$aMiddle class. 615 0$aRevolution. 700 $aMarx$b Karl$f1818-1883.$032587 712 02$ae-libro, Corp. 801 0$bFINmELB 801 1$bFINmELB 906 $aBOOK 912 $a9910157425803321 996 $aLa burguesia y la contrarevolucion$92783865 997 $aUNINA